Statistics for Multilingual Name Translation 1

Click here to take the quiz!

General Stats

  • This quiz has been taken 37 times
  • The average score is 37 of 89

Answer Stats

HintAnswer% Correct
Carlo
84%
JosephJosé
84%
José
84%
JohnJuan
84%
Karl
84%
Carlos
81%
CharlesCarlos
81%
Stefan
77%
Szczepan
77%
Jean
74%
Christoph
71%
SophiaSofía
71%
Sofia
71%
Sofia
71%
Maria
68%
MaryMaría
68%
Maria
68%
Maria
68%
Maria
68%
Emilia
61%
EmilyEmilia
61%
Emilia
61%
Emília
61%
Marie
58%
Michał
58%
Michel
58%
MichaelMiguel
58%
Miguel
58%
Sophie
58%
Christophe
55%
Susanna
55%
Johannes
52%
Mosè
48%
Mose
48%
Raquel
45%
RachelRaquel
45%
Giovanni
42%
Giuseppe
42%
WilliamGuillermo
42%
João
42%
Stefano
42%
Susana
42%
SusanSusana
42%
Caterina
39%
Émilie
39%
Emilie
39%
Susanne
39%
Susanne
39%
ChristopherCristóbal
35%
StephenEsteban
35%
Josef
35%
MargaretMargarita
35%
Elisabetta
32%
Isabel
32%
ElizabethIsabel
32%
Karol
32%
Wilhelm
32%
Wilhelm
32%
Elisabeth
26%
Élisabeth
26%
Guillaume
26%
Cristoforo
23%
Catarina
19%
Michele
19%
Rachele
19%
CatherineCatalina
16%
Guglielmo
16%
Jan
16%
Józef
16%
Moïse
16%
Moisés
16%
MosesMoisés
16%
Zofia
16%
Zuzanna
16%
Cristóvão
13%
Elżbieta
13%
Estêvão
13%
Étienne
13%
Katharina
13%
Małgorzata
13%
Margherita
13%
Marguerite
13%
Guilherme
10%
Katarzyna
10%
Krzysztof
10%
Margarete
10%
Margarida
10%
Mojżesz
6%
Rachela
6%

Score Distribution

Percentile by Number Answered

Percent of People with Each Score

Your Score History

You have not taken this quiz